[Event "DEM U12 2019"]
[Site "Willingen GER"]
[Date "2019.06.09"]
[Round "2"]
[White "Deuer, Marius"]
[Black "Bungarten, Jona"]
[Result "0-1"]
[Termination "normal"]
[Board "1"]
[WhiteElo "1961"]
[BlackElo "1642"]
[WhiteClock "00:08:10"]
[BlackClock "00:18:52"]
[PlyCount "132"]
[WhiteFideId "16236432"]
[BlackFideId "16223608"]
[EventCountry "GER"]
[EventRounds "9"]
[EventType "swiss"]
[EventDate "2019.06.08"]

1. e4 {[%clk 1:30:58]} 1... e5 {[%clk 1:30:50]} 2. Nf3 {[%clk 1:31:19]} 2...
Nc6 {[%clk 1:31:16]} 3. Bb5 {[%clk 1:31:43]} 3... Nge7 {[%clk 1:31:42]} 4. Nc3
{[%clk 1:32:04]} 4... g6 {[%clk 1:32:00]} 5. d4 {[%clk 1:32:30]} 5... exd4 {
[%clk 1:32:27]} 6. Nd5 {[%clk 1:32:55]} 6... Bg7 {[%clk 1:32:38]} 7. Bg5 {
[%clk 1:33:15]} 7... h6 {[%clk 1:32:49]} 8. Bf6 {[%clk 1:34:11]} 8... Bxf6 {
[%clk 1:33:46]} 9. Nxf6+ {[%clk 1:34:35]} 9... Kf8 {[%clk 1:34:14]} 10. Qd2 {
[%clk 1:34:41]} 10... d6 {[%clk 1:33:57]} 11. O-O-O {[%clk 1:20:32]} 11... a6 {
[%clk 1:32:51]} 12. Be2 {[%clk 1:12:48]} 12... Kg7 {[%clk 1:31:23]} 13. Nd5 {
[%clk 1:12:30]} 13... Nxd5 {[%clk 1:26:50]} 14. exd5 {[%clk 1:12:51]} 14... Ne5
{[%clk 1:27:06]} 15. Nxd4 {[%clk 1:11:46]} 15... Qf6 {[%clk 1:25:37]} 16. Rdf1
{[%clk 1:08:10]} 16... Re8 {[%clk 1:15:07]} 17. h3 {[%clk 1:04:10]} 17... Nd7 {
[%clk 1:13:25]} 18. h4 {[%clk 0:57:38]} 18... Re4 {[%clk 1:08:42]} 19. Nf3 {
[%clk 0:53:36]} 19... Ra4 {[%clk 1:00:05]} 20. Kb1 {[%clk 0:47:23]} 20... Nc5 {
[%clk 1:00:08]} 21. Qc3 {[%clk 0:41:15]} 21... Qxc3 {[%clk 0:59:08]} 22. bxc3 {
[%clk 0:40:47]} 22... Bf5 {[%clk 0:53:54]} 23. Nd4 {[%clk 0:35:41]} 23... Re8 {
[%clk 0:52:27]} 24. Re1 {[%clk 0:25:05]} 24... Ne4 {[%clk 0:49:28]} 25. Kb2 {
[%clk 0:22:48]} 25... Nxf2 {[%clk 0:42:04]} 26. Rhf1 {[%clk 0:20:03]} 26... Ne4
{[%clk 0:42:06]} 27. Bd3 {[%clk 0:18:59]} 27... Nf6 {[%clk 0:33:02]} 28. Rxe8 {
[%clk 0:15:17]} 28... Nxe8 {[%clk 0:33:18]} 29. Nxf5+ {[%clk 0:13:35]} 29...
gxf5 {[%clk 0:33:33]} 30. c4 {[%clk 0:13:09]} 30... Nf6 {[%clk 0:31:59]} 31.
Kb3 {[%clk 0:12:41]} 31... Ra5 {[%clk 0:30:07]} 32. Bxf5 {[%clk 0:10:51]} 32...
b5 {[%clk 0:30:01]} 33. Bd3 {[%clk 0:09:06]} 33... bxc4+ {[%clk 0:29:09]} 34.
Bxc4 {[%clk 0:09:18]} 34... Ne4 {[%clk 0:25:48]} 35. Kb4 {[%clk 0:08:23]} 35...
Rc5 {[%clk 0:25:34]} 36. Bxa6 {[%clk 0:08:44]} 36... Rxd5 {[%clk 0:25:02]} 37.
Bc4 {[%clk 0:08:15]} 37... Rc5 {[%clk 0:18:34]} 38. Rxf7+ {[%clk 0:08:12]}
38... Kg6 {[%clk 0:18:52]} 39. Rf4 {[%clk 0:08:10]} 39... Nf6 40. Bd3+ Kg7 41.
c4 Nd7 42. g4 Ne5 43. Be2 Kg6 44. h5+ Kg7 45. Rf5 Nc6+ 46. Kb3 Nd4+ 47. Kb4
Nxf5 48. gxf5 Rxf5 49. a4 Rf2 50. Bd3 Rd2 51. a5 Kf6 52. Kb5 Ke5 53. a6 Rb2+
54. Kc6 Rb6+ 55. Kxc7 Rxa6 56. c5 Ra3 57. cxd6 Rxd3 58. d7 Kf5 59. d8=Q Rxd8
60. Kxd8 Kg5 61. Ke7 Kxh5 62. Ke6 Kg4 63. Ke5 h5 64. Ke4 Kg3 65. Ke3 h4 66. Ke2
Kg2 0-1

[Event "DEM U12 2019"]
[Site "Willingen GER"]
[Date "2019.06.09"]
[Round "2"]
[White "von Mettenheim, Johannes"]
[Black "Costa, Leonardo"]
[Result "0-1"]
[Termination "normal"]
[Board "2"]
[WhiteElo "1757"]
[BlackElo "1933"]
[WhiteClock "00:10:25"]
[BlackClock "00:16:19"]
[PlyCount "82"]
[WhiteFideId "16244818"]
[BlackFideId "16213955"]
[EventCountry "GER"]
[EventRounds "9"]
[EventType "swiss"]
[EventDate "2019.06.08"]

1. d4 {[%clk 1:30:58]} 1... Nf6 {[%clk 1:30:55]} 2. c4 {[%clk 1:31:24]} 2... g6
{[%clk 1:31:12]} 3. Nc3 {[%clk 1:31:50]} 3... Bg7 {[%clk 1:31:21]} 4. e4 {
[%clk 1:32:18]} 4... d6 {[%clk 1:31:35]} 5. Nf3 {[%clk 1:32:45]} 5... O-O {
[%clk 1:31:46]} 6. h3 {[%clk 1:33:02]} 6... e5 {[%clk 1:28:38]} 7. d5 { [%clk
1:33:27]} 7... a5 {[%clk 1:26:12]} 8. Be3 {[%clk 1:33:49]} 8... Na6 { [%clk
1:24:46]} 9. Be2 {[%clk 1:33:52]} 9... Nd7 {[%clk 1:20:44]} 10. g4 { [%clk
1:34:04]} 10... Ndc5 {[%clk 1:18:06]} 11. Qc2 {[%clk 1:21:58]} 11... c6 { [%clk
1:12:26]} 12. O-O-O {[%clk 1:18:40]} 12... Qe7 {[%clk 1:07:58]} 13. Rdg1 {[%clk
1:16:32]} 13... Nb4 {[%clk 1:05:06]} 14. Qd1 {[%clk 1:12:57]} 14... cxd5 {[%clk
1:04:22]} 15. Bxc5 {[%clk 1:06:58]} 15... dxc5 {[%clk 1:04:40]} 16. Nxd5 {[%clk
1:04:52]} 16... Nxd5 {[%clk 1:03:46]} 17. cxd5 {[%clk 1:05:12]} 17... h6 {[%clk
0:59:38]} 18. Nd2 {[%clk 0:47:51]} 18... Bd7 {[%clk 0:57:55]} 19. Qb3 { [%clk
0:47:18]} 19... Rfb8 {[%clk 0:51:28]} 20. Bb5 {[%clk 0:45:02]} 20... a4 { [%clk
0:50:36]} 21. Qc4 {[%clk 0:44:15]} 21... Qe8 {[%clk 0:50:01]} 22. Bxd7 { [%clk
0:44:33]} 22... Qxd7 {[%clk 0:50:28]} 23. Kb1 {[%clk 0:44:27]} 23... Rc8 {[%clk
0:50:20]} 24. Qc2 {[%clk 0:41:40]} 24... b5 {[%clk 0:49:32]} 25. Ka1 { [%clk
0:35:14]} 25... c4 {[%clk 0:47:51]} 26. Rc1 {[%clk 0:31:58]} 26... Ra7 { [%clk
0:43:48]} 27. Qc3 {[%clk 0:22:04]} 27... Qd6 {[%clk 0:40:22]} 28. a3 { [%clk
0:21:22]} 28... Qb8 {[%clk 0:35:17]} 29. Nf3 {[%clk 0:19:20]} 29... Rb7 { [%clk
0:34:25]} 30. Qa5 {[%clk 0:15:16]} 30... Bf8 {[%clk 0:18:34]} 31. Ne1 { [%clk
0:09:46]} 31... b4 {[%clk 0:18:01]} 32. Qxa4 {[%clk 0:09:54]} 32... bxa3 {[%clk
0:18:15]} 33. Rxc4 {[%clk 0:09:47]} 33... axb2+ {[%clk 0:16:59]} 34. Kb1 {[%clk
0:10:02]} 34... Rxc4 {[%clk 0:17:19]} 35. Qxc4 {[%clk 0:10:31]} 35... Rc7
{[%clk 0:17:35]} 36. Qxc7 {[%clk 0:10:06]} 36... Qxc7 {[%clk 0:18:01]} 37. Nc2
{[%clk 0:10:07]} 37... Qc3 {[%clk 0:17:06]} 38. Rd1 {[%clk 0:10:02]} 38... Bd6
{[%clk 0:17:21]} 39. Ne3 {[%clk 0:10:25]} 39... Qa3 {[%clk 0:16:19]} 40. Kc2
Bc5 41. Rd3 b1=Q+ 0-1

[Event "DEM U12 2019"]
[Site "Willingen GER"]
[Date "2019.06.09"]
[Round "2"]
[White "Metzdorf, Matteo"]
[Black "Schwartz, Oliver"]
[Result "1/2-1/2"]
[Termination "normal"]
[Board "4"]
[WhiteElo "1837"]
[BlackElo "1616"]
[WhiteClock "00:10:46"]
[BlackClock "00:46:37"]
[PlyCount "40"]
[WhiteFideId "16209869"]
[BlackFideId "16207459"]
[EventCountry "GER"]
[EventRounds "9"]
[EventType "swiss"]
[EventDate "2019.06.08"]

1. e4 {[%clk 1:30:56]} 1... c5 {[%clk 1:30:52]} 2. Nf3 {[%clk 1:31:18]} 2...
Nc6 {[%clk 1:31:05]} 3. d4 {[%clk 1:31:38]} 3... cxd4 {[%clk 1:31:25]} 4. Nxd4
{[%clk 1:32:01]} 4... g6 {[%clk 1:31:30]} 5. c4 {[%clk 1:31:33]} 5... Bg7 {
[%clk 1:31:54]} 6. Be3 {[%clk 1:31:57]} 6... Nf6 {[%clk 1:32:19]} 7. Nc3 {
[%clk 1:32:15]} 7... Ng4 {[%clk 1:32:41]} 8. Qxg4 {[%clk 1:32:33]} 8... Nxd4 {
[%clk 1:33:01]} 9. Qd1 {[%clk 1:32:50]} 9... e5 {[%clk 1:33:23]} 10. Nb5 {
[%clk 1:12:34]} 10... Qb6 {[%clk 1:30:55]} 11. b4 {[%clk 0:57:38]} 11... d6 {
[%clk 1:28:05]} 12. Rb1 {[%clk 0:54:21]} 12... O-O {[%clk 1:20:30]} 13. Bd3 {
[%clk 0:51:41]} 13... Be6 {[%clk 1:18:20]} 14. Nxd4 {[%clk 0:27:43]} 14... exd4
{[%clk 1:17:58]} 15. Bf4 {[%clk 0:25:12]} 15... Rac8 {[%clk 1:15:29]} 16. Qe2 {
[%clk 0:24:36]} 16... Be5 {[%clk 1:01:28]} 17. Bd2 {[%clk 0:18:05]} 17... Rfe8
{[%clk 1:00:56]} 18. O-O {[%clk 0:17:35]} 18... Qc7 {[%clk 0:50:35]} 19. Rbc1 {
[%clk 0:16:20]} 19... Bg7 {[%clk 0:46:37]} 20. Qf3 {[%clk 0:10:46]} 20... Qd7
1/2-1/2

[Event "DEM U12 2019"]
[Site "Willingen GER"]
[Date "2019.06.09"]
[Round "2"]
[White "Müller, Maximilian"]
[Black "Hecht, Jonas Christian"]
[Result "1-0"]
[Termination "normal"]
[Board "5"]
[WhiteElo "1606"]
[BlackElo "1726"]
[WhiteClock "00:27:24"]
[BlackClock "00:32:29"]
[PlyCount "43"]
[WhiteFideId "16243552"]
[BlackFideId "16214846"]
[EventCountry "GER"]
[EventRounds "9"]
[EventType "swiss"]
[EventDate "2019.06.08"]

1. e4 {[%clk 1:30:57]} 1... e5 {[%clk 1:30:51]} 2. Nf3 {[%clk 1:31:23]} 2...
Nf6 {[%clk 1:31:15]} 3. Nxe5 {[%clk 1:31:40]} 3... d6 {[%clk 1:31:33]} 4. Nf3 {
[%clk 1:32:03]} 4... Nxe4 {[%clk 1:31:40]} 5. d4 {[%clk 1:31:32]} 5... d5 {
[%clk 1:31:31]} 6. Bd3 {[%clk 1:31:00]} 6... Bd6 {[%clk 1:31:24]} 7. Nbd2 {
[%clk 1:29:29]} 7... Nxd2 {[%clk 1:30:45]} 8. Bxd2 {[%clk 1:29:45]} 8... h6 {
[%clk 1:23:18]} 9. O-O {[%clk 1:27:04]} 9... O-O {[%clk 1:23:00]} 10. Ne5 {
[%clk 1:21:43]} 10... c5 {[%clk 1:20:23]} 11. c3 {[%clk 1:21:23]} 11... Bxe5 {
[%clk 1:14:04]} 12. dxe5 {[%clk 1:21:44]} 12... Nc6 {[%clk 1:14:02]} 13. Qh5 {
[%clk 1:15:55]} 13... Re8 {[%clk 1:12:22]} 14. Bf4 {[%clk 1:01:49]} 14... Qb6 {
[%clk 1:01:05]} 15. Rae1 {[%clk 0:48:22]} 15... Ne7 {[%clk 0:57:08]} 16. e6 {
[%clk 0:45:20]} 16... Bxe6 {[%clk 0:53:35]} 17. Re3 {[%clk 0:39:01]} 17... c4 {
[%clk 0:44:13]} 18. Bb1 {[%clk 0:39:04]} 18... d4 {[%clk 0:41:54]} 19. Rg3 {
[%clk 0:36:27]} 19... d3 {[%clk 0:42:00]} 20. Rxg7+ {[%clk 0:27:34]} 20... Kf8
{[%clk 0:32:52]} 21. Bxh6 {[%clk 0:27:06]} 21... Nf5 {[%clk 0:32:29]} 22. Rxf7+
{[%clk 0:27:24]} 1-0

[Event "DEM U12 2019"]
[Site "Willingen GER"]
[Date "2019.06.09"]
[Round "2"]
[White "Möller, Maurin"]
[Black "Klühs, Gustaf"]
[Result "0-1"]
[Termination "normal"]
[Board "6"]
[WhiteElo "1686"]
[BlackElo "1705"]
[WhiteClock "00:09:26"]
[BlackClock "00:33:03"]
[PlyCount "116"]
[WhiteFideId "16265696"]
[BlackFideId "16228936"]
[EventCountry "GER"]
[EventRounds "9"]
[EventType "swiss"]
[EventDate "2019.06.08"]

1. e4 {[%clk 1:30:56]} 1... e6 {[%clk 1:30:55]} 2. d4 {[%clk 1:31:21]} 2... d5
{[%clk 1:31:22]} 3. Nd2 {[%clk 1:31:38]} 3... c5 {[%clk 1:31:45]} 4. Ngf3 {
[%clk 1:31:51]} 4... Nc6 {[%clk 1:30:57]} 5. exd5 {[%clk 1:27:48]} 5... Qxd5 {
[%clk 1:31:14]} 6. Bc4 {[%clk 1:19:26]} 6... Qd8 {[%clk 1:31:40]} 7. dxc5 {
[%clk 1:19:43]} 7... Bxc5 {[%clk 1:32:05]} 8. O-O {[%clk 1:20:03]} 8... Nf6 {
[%clk 1:32:26]} 9. Nb3 {[%clk 1:20:00]} 9... Qxd1 {[%clk 1:32:11]} 10. Rxd1 {
[%clk 1:20:20]} 10... Bb6 {[%clk 1:31:17]} 11. Bg5 {[%clk 1:14:16]} 11... Ng4 {
[%clk 1:25:21]} 12. Bh4 {[%clk 1:14:18]} 12... O-O {[%clk 1:24:23]} 13. h3 {
[%clk 1:12:06]} 13... Nge5 {[%clk 1:24:36]} 14. Nxe5 {[%clk 1:11:43]} 14...
Nxe5 {[%clk 1:25:00]} 15. Be2 {[%clk 1:08:28]} 15... Ng6 {[%clk 1:24:35]} 16.
Bg3 {[%clk 1:08:35]} 16... e5 {[%clk 1:22:26]} 17. Bf3 {[%clk 0:59:28]} 17...
Bf5 {[%clk 1:12:58]} 18. Bxb7 {[%clk 0:55:57]} 18... Rab8 {[%clk 1:12:54]} 19.
Bd5 {[%clk 0:49:12]} 19... Bxc2 {[%clk 1:12:21]} 20. Rd2 {[%clk 0:47:33]} 20...
Bf5 {[%clk 1:12:02]} 21. Re1 {[%clk 0:47:26]} 21... Rfe8 {[%clk 1:10:58]} 22.
Rde2 {[%clk 0:33:10]} 22... Rbd8 {[%clk 1:08:34]} 23. Bc4 {[%clk 0:28:52]}
23... e4 {[%clk 1:03:20]} 24. a3 {[%clk 0:19:21]} 24... h5 {[%clk 0:41:48]} 25.
h4 {[%clk 0:13:53]} 25... e3 {[%clk 0:32:43]} 26. fxe3 {[%clk 0:11:58]} 26...
Bg4 {[%clk 0:32:39]} 27. Rc2 {[%clk 0:11:20]} 27... Rxe3 {[%clk 0:30:53]} 28.
Rxe3 {[%clk 0:10:27]} 28... Bxe3+ {[%clk 0:30:56]} 29. Kh2 {[%clk 0:10:05]}
29... Rd1 {[%clk 0:29:04]} 30. Be2 {[%clk 0:09:38]} 30... Bg1+ {[%clk 0:28:23]}
31. Kh1 {[%clk 0:09:58]} 31... Bxe2 {[%clk 0:28:48]} 32. Rxe2 {[%clk 0:10:15]}
32... Bf2+ {[%clk 0:29:03]} 33. Kh2 {[%clk 0:10:37]} 33... Bxg3+ { [%clk
0:29:29]} 34. Kxg3 {[%clk 0:11:01]} 34... Rd3+ {[%clk 0:29:56]} 35. Kh2 { [%clk
0:10:48]} 35... Rxb3 {[%clk 0:30:15]} 36. Re8+ {[%clk 0:11:09]} 36... Kh7
{[%clk 0:30:37]} 37. Ra8 {[%clk 0:11:35]} 37... Rb7 {[%clk 0:30:56]} 38. b4 Ne5
39. a4 {[%clk 0:12:05]} 39... Nd3 {[%clk 0:30:44]} 40. b5 {[%clk 0:12:28]}
40... Nb2 {[%clk 0:31:07]} 41. a5 {[%clk 0:12:51]} 41... Nc4 {[%clk 0:31:33]}
42. a6 {[%clk 0:13:05]} 42... Rxb5 {[%clk 0:30:37]} 43. Rxa7 {[%clk 0:13:29]}
43... Ra5 {[%clk 0:31:03]} 44. Rxf7 {[%clk 0:13:52]} 44... Rxa6 {[%clk 0:31:13]
} 45. Rf4 {[%clk 0:13:59]} 45... Ne5 {[%clk 0:31:32]} 46. Rf5 {[%clk 0:14:04]}
46... Ng4+ {[%clk 0:31:57]} 47. Kg3 47... Kh6 {[%clk 0:32:05]} 48. Rf3 { [%clk
0:13:35]} 48... Re6 {[%clk 0:32:20]} 49. Rf5 {[%clk 0:12:31]} 49... g6 { [%clk
0:32:20]} 50. Ra5 {[%clk 0:12:29]} 50... Ne3 {[%clk 0:31:48]} 51. Kf3 { [%clk
0:11:49]} 51... Nf5 {[%clk 0:32:07]} 52. Ra4 {[%clk 0:11:06]} 52... Rd6 { [%clk
0:32:06]} 53. Rb4 {[%clk 0:09:41]} 53... Rd4 {[%clk 0:32:28]} 54. Rxd4 { [%clk
0:09:17]} 54... Nxd4+ {[%clk 0:32:53]} 55. Kf4 {[%clk 0:09:26]} 55... Nf5
{[%clk 0:33:03]} 56. g4 Nxh4 57. Kg3 Kg5 58. gxh5 Kxh5 0-1

[Event "DEM U12 2019"]
[Site "Willingen GER"]
[Date "2019.06.09"]
[Round "2"]
[White "Heinrich, John"]
[Black "Breitkopf-Lazar, Patrick-Robert"]
[Result "1-0"]
[Termination "normal"]
[Board "8"]
[WhiteElo "1695"]
[BlackElo "1659"]
[WhiteClock "00:00:33"]
[BlackClock "00:31:57"]
[PlyCount "96"]
[WhiteFideId "16259491"]
[BlackFideId "16213742"]
[EventCountry "GER"]
[EventRounds "9"]
[EventType "swiss"]
[EventDate "2019.06.08"]

1. e4 {[%clk 1:30:57]} 1... e5 {[%clk 1:30:59]} 2. Nf3 {[%clk 1:31:20]} 2...
Nc6 {[%clk 1:31:25]} 3. Bb5 {[%clk 1:31:34]} 3... a6 {[%clk 1:31:44]} 4. Ba4 {
[%clk 1:31:53]} 4... d6 {[%clk 1:32:04]} 5. O-O {[%clk 1:31:44]} 5... Bd7 {
[%clk 1:32:28]} 6. Re1 {[%clk 1:31:26]} 6... Nf6 {[%clk 1:32:49]} 7. c3 { [%clk
1:31:30]} 7... Be7 {[%clk 2:36:21]} 8. d4 {[%clk 1:31:45]} 8... O-O { [%clk
1:32:22]} 9. Nbd2 {[%clk 1:30:01]} 9... b5 {[%clk 1:29:29]} 10. Bc2 { [%clk
1:29:02]} 10... exd4 {[%clk 1:23:06]} 11. cxd4 {[%clk 1:24:26]} 11... Nb4
{[%clk 1:23:24]} 12. Bb1 {[%clk 1:23:36]} 12... c5 {[%clk 1:21:28]} 13. a3 {
[%clk 1:18:46]} 13... Nc6 {[%clk 1:21:48]} 14. d5 {[%clk 1:17:44]} 14... Na5 {
[%clk 1:20:27]} 15. b4 {[%clk 1:05:02]} 15... Nb7 {[%clk 1:17:56]} 16. bxc5 {
[%clk 1:01:12]} 16... Nxc5 {[%clk 1:16:57]} 17. Nb3 {[%clk 0:56:31]} 17... Nxb3
{[%clk 1:16:08]} 18. Qxb3 {[%clk 0:56:33]} 18... Ng4 {[%clk 1:10:03]} 19. Bb2 {
[%clk 0:53:49]} 19... Bf6 {[%clk 1:10:01]} 20. Bd3 {[%clk 0:43:15]} 20... Re8 {
[%clk 1:07:14]} 21. h3 {[%clk 0:36:23]} 21... Ne5 {[%clk 1:05:58]} 22. Nxe5 {
[%clk 0:36:14]} 22... Bxe5 {[%clk 1:06:22]} 23. Bxe5 {[%clk 0:35:21]} 23...
Rxe5 {[%clk 1:06:04]} 24. f4 {[%clk 0:34:33]} 24... Re8 {[%clk 1:06:27]} 25. e5
{[%clk 0:31:55]} 25... dxe5 {[%clk 1:02:27]} 26. fxe5 {[%clk 0:32:08]} 26...
Qg5 {[%clk 1:02:40]} 27. e6 {[%clk 0:26:01]} 27... fxe6 {[%clk 1:01:34]} 28.
dxe6 {[%clk 0:25:59]} 28... Bc6 {[%clk 1:01:57]} 29. Bxh7+ {[%clk 0:23:44]}
29... Kh8 {[%clk 0:58:47]} 30. Be4 {[%clk 0:23:57]} 30... Rab8 {[%clk 0:50:05]}
31. Bxc6 {[%clk 0:16:51]} 31... Qc5+ {[%clk 0:50:26]} 32. Kh1 {[%clk 0:17:06]}
32... Qxc6 {[%clk 0:50:50]} 33. Re5 {[%clk 0:16:00]} 33... Qc4 {[%clk 0:48:06]}
34. Qe3 {[%clk 0:11:17]} 34... Rbc8 {[%clk 0:44:08]} 35. Re1 {[%clk 0:09:43]}
35... Re7 {[%clk 0:37:12]} 36. Qb6 {[%clk 0:07:36]} 36... Qc6 {[%clk 0:36:52]}
37. Qd4 {[%clk 0:07:19]} 37... Rce8 {[%clk 0:34:14]} 38. Qg4 {[%clk 0:06:08]}
38... Qc2 {[%clk 0:32:55]} 39. R5e4 {[%clk 0:04:42]} 39... Qd2 {[%clk 0:32:11]}
40. Re5 {[%clk 0:02:51]} 40... Qd3 {[%clk 0:31:55]} 41. Rh5+ {[%clk 0:00:33]}
41... Kg8 {[%clk 0:31:57]} 42. Qh4 g6 43. Rh8+ Kg7 44. Qh6+ Kf6 45. Rf8+ Rxf8
46. Qxf8+ Kg5 47. Qxe7+ Kh6 48. Qh4+ Kg7 1-0

[Event "DEM U12 2019"]
[Site "Willingen GER"]
[Date "2019.06.09"]
[Round "2"]
[White "Fuchs, Florian"]
[Black "Fuhrmann, Bahne"]
[Result "1-0"]
[Termination "normal"]
[Board "9"]
[WhiteElo "1746"]
[BlackElo "1659"]
[WhiteClock "00:53:35"]
[BlackClock "01:04:26"]
[PlyCount "35"]
[WhiteFideId "16213351"]
[BlackFideId "16244842"]
[EventCountry "GER"]
[EventRounds "9"]
[EventType "swiss"]
[EventDate "2019.06.08"]

1. e4 {[%clk 1:30:57]} 1... e5 {[%clk 1:30:54]} 2. Nf3 {[%clk 1:31:22]} 2...
Nc6 {[%clk 1:31:21]} 3. Nc3 {[%clk 1:31:46]} 3... Bc5 {[%clk 1:31:22]} 4. Nxe5
{[%clk 1:26:27]} 4... Nxe5 {[%clk 1:28:26]} 5. d4 {[%clk 1:23:33]} 5... Bxd4 {
[%clk 1:27:20]} 6. Qxd4 {[%clk 1:23:56]} 6... Qf6 {[%clk 1:27:43]} 7. Be3 {
[%clk 1:22:59]} 7... c6 {[%clk 1:23:38]} 8. Be2 {[%clk 1:20:56]} 8... Ng6 {
[%clk 1:18:47]} 9. Qd2 {[%clk 1:13:56]} 9... Qe7 {[%clk 1:12:10]} 10. f4 {
[%clk 1:07:52]} 10... Qb4 {[%clk 1:07:47]} 11. O-O-O {[%clk 1:05:55]} 11... Nf6
{[%clk 1:07:52]} 12. a3 {[%clk 1:05:06]} 12... Qe7 {[%clk 1:07:47]} 13. e5 {
[%clk 1:05:05]} 13... Nxe5 {[%clk 1:07:00]} 14. fxe5 {[%clk 1:05:11]} 14...
Qxe5 {[%clk 1:07:20]} 15. Bf4 {[%clk 1:05:12]} 15... Qe6 {[%clk 1:06:54]} 16.
Bd6 {[%clk 1:04:56]} 16... Nd5 {[%clk 1:06:14]} 17. Bc5 {[%clk 1:02:27]} 17...
b6 {[%clk 1:04:26]} 18. Bc4 {[%clk 0:53:35]} 1-0

[Event "DEM U12 2019"]
[Site "Willingen GER"]
[Date "2019.06.09"]
[Round "2"]
[White "Malchereck, Zion"]
[Black "Ohler, Julius"]
[Result "0-1"]
[Termination "normal"]
[Board "11"]
[WhiteElo "1438"]
[BlackElo "1837"]
[WhiteClock "00:44:44"]
[BlackClock "00:51:11"]
[PlyCount "50"]
[WhiteFideId "16269233"]
[BlackFideId "16238982"]
[EventCountry "GER"]
[EventRounds "9"]
[EventType "swiss"]
[EventDate "2019.06.08"]

1. e4 e6 2. d4 d5 3. e5 c5 4. c3 Nc6 5. Nf3 Qb6 6. a4 cxd4 7. cxd4 Nge7 8. Bb5
a6 9. Bxc6+ Nxc6 10. O-O Be7 11. Nc3 O-O 12. Be3 Qxb2 13. Bd2 Qb6 14. Rb1 Qc7
15. Qc2 f6 16. Ne2 f5 17. Ng3 Bd7 18. Rb2 Rfc8 19. Rfb1 Rab8 20. a5 Nd8 21. Qd1
Bb5 22. Rc1 Nc6 23. Bg5 Ba3 24. Ra2 Bxc1 25. Qxc1 Nxd4 0-1

[Event "DEM U12 2019"]
[Site "Willingen GER"]
[Date "2019.06.09"]
[Round "2"]
[White "Rempe, Jonas"]
[Black "Tomasjan, Samuel"]
[Result "0-1"]
[Termination "normal"]
[Board "12"]
[WhiteElo "1781"]
[BlackElo "1476"]
[WhiteClock "00:19:52"]
[BlackClock "00:05:43"]
[PlyCount "84"]
[WhiteFideId "16202406"]
[BlackFideId "16235584"]
[EventCountry "GER"]
[EventRounds "9"]
[EventType "swiss"]
[EventDate "2019.06.08"]

1. e4 {[%clk 1:30:41]} 1... e6 {[%clk 1:30:54]} 2. d4 {[%clk 1:31:02]} 2... d5
{[%clk 1:31:23]} 3. exd5 {[%clk 1:31:23]} 3... exd5 {[%clk 1:31:53]} 4. Nf3 {
[%clk 1:31:43]} 4... Nf6 {[%clk 1:31:46]} 5. Bd3 {[%clk 1:32:10]} 5... Bd6 {
[%clk 1:30:07]} 6. O-O {[%clk 1:32:29]} 6... O-O {[%clk 1:30:28]} 7. h3 { [%clk
1:32:57]} 7... Be6 {[%clk 1:23:01]} 8. Bg5 {[%clk 1:29:15]} 8... Nbd7 { [%clk
1:20:33]} 9. c3 {[%clk 1:29:19]} 9... c6 {[%clk 1:20:08]} 10. Qc2 { [%clk
1:29:02]} 10... h6 {[%clk 1:19:59]} 11. Bh4 {[%clk 1:29:17]} 11... Qc7 { [%clk
1:19:39]} 12. Bxf6 {[%clk 1:24:02]} 12... Nxf6 {[%clk 1:19:55]} 13. Nbd2 {[%clk
1:24:16]} 13... Qd7 {[%clk 1:19:09]} 14. Rae1 {[%clk 1:22:45]} 14... Nh5 {[%clk
1:09:18]} 15. Ne5 {[%clk 1:21:10]} 15... Bxe5 {[%clk 1:09:04]} 16. Rxe5 {[%clk
1:20:46]} 16... Nf4 {[%clk 1:08:52]} 17. Re3 {[%clk 1:03:56]} 17... Rae8 {[%clk
0:54:27]} 18. Rfe1 {[%clk 0:55:42]} 18... f5 {[%clk 0:38:36]} 19. Nf3 { [%clk
0:55:09]} 19... Ng6 {[%clk 0:34:09]} 20. Ne5 {[%clk 0:53:54]} 20... Nxe5 {[%clk
0:33:56]} 21. Rxe5 {[%clk 0:54:21]} 21... f4 {[%clk 0:34:02]} 22. Kh2 { [%clk
0:52:09]} 22... f3 {[%clk 0:32:15]} 23. g3 {[%clk 0:52:33]} 23... Bxh3 { [%clk
0:30:45]} 24. Rxe8 {[%clk 0:27:43]} 24... Rxe8 {[%clk 0:30:55]} 25. Bf5 { [%clk
0:24:57]} 25... Bxf5 {[%clk 0:28:11]} 26. Rxe8+ {[%clk 0:25:25]} 26... Qxe8
{[%clk 0:22:53]} 27. Qxf5 {[%clk 0:25:51]} 27... Qf7 {[%clk 0:22:35]} 28. Qe5
{[%clk 0:23:32]} 28... Qg6 {[%clk 0:19:27]} 29. Qb8+ {[%clk 0:21:45]} 29... Kh7
{[%clk 0:19:44]} 30. Qc8 {[%clk 0:22:04]} 30... Qc2 {[%clk 0:14:03]} 31. Kg1
{[%clk 0:22:27]} 31... Qd1+ {[%clk 0:11:08]} 32. Kh2 {[%clk 0:21:41]} 32... Qd3
{[%clk 0:10:28]} 33. Kg1 {[%clk 0:21:19]} 33... h5 {[%clk 0:09:41]} 34. Qe6
{[%clk 0:18:39]} 34... Qe4 {[%clk 0:05:26]} 35. Qf7 {[%clk 0:18:37]} 35... Qe1+
{[%clk 0:05:03]} 36. Kh2 {[%clk 0:18:45]} 36... Qxf2+ {[%clk 0:05:20]} 37. Kh3
{[%clk 0:19:06]} 37... Qg2+ {[%clk 0:05:31]} 38. Kh4 {[%clk 0:19:30]} 38...
Qh2+ {[%clk 0:05:43]} 39. Kg5 {[%clk 0:19:52]} 39... Qxg3+ 40. Kxh5 f2 41. b4
Qh3+ 42. Kg5 Qh6+ 0-1

[Event "DEM U12 2019"]
[Site "Willingen GER"]
[Date "2019.06.09"]
[Round "2"]
[White "Reichmann, Felix"]
[Black "Winkler, Yonathan"]
[Result "1-0"]
[Termination "normal"]
[Board "16"]
[WhiteElo "1725"]
[BlackElo "1536"]
[PlyCount "23"]
[WhiteFideId "16238290"]
[BlackFideId "16266080"]
[EventCountry "GER"]
[EventRounds "9"]
[EventType "swiss"]
[EventDate "2019.06.08"]

1. c4 e6 2. g3 d5 3. Bg2 Nf6 4. Nf3 dxc4 5. O-O Be7 6. Na3 Bxa3 7. bxa3 O-O 8.
Qc2 b6 9. Ng5 c6 10. Bb2 h6 11. Bxf6 Qxf6 12. Qh7# 1-0